Giáo trình vô tuyến điện kĩ thuật đại cương; T2

Đã lưu trong:
Sonraí Bibleagrafaíochta
Príomhúdar: Võ Văn Thu
Formáid: Leabhar
Teanga:Undetermined
Foilsithe: Hà Nội Giáo dục 1969
Ábhair:
Clibeanna: Cuir Clib Leis
Gan Chlibeanna, Bí ar an gcéad duine leis an taifead seo a chlibeáil!
Thư viện lưu trữ: Trung tâm Học liệu Trường Đại học Cần Thơ
LEADER 00524nam a2200169Ia 4500
001 CTU_14210
008 210402s9999 xx 000 0 und d
082 |a 621.3841 
082 |b Th500/T2 
100 |a Võ Văn Thu 
245 0 |a Giáo trình vô tuyến điện kĩ thuật đại cương; T2 
245 0 |c Võ Văn Thu, Nguyễn Thúc Huy 
260 |a Hà Nội 
260 |b Giáo dục 
260 |c 1969 
650 |a electronics,radio 
980 |a Trung tâm Học liệu Trường Đại học Cần Thơ